| 000 | 00883nam a2200289 a 4500 | ||
|---|---|---|---|
| 001 | 24837 | ||
| 003 | CO-ViMGA | ||
| 005 | 20230915232020.0 | ||
| 008 | 141112s2004 ck r 000 u spa d | ||
| 015 | _ack - 2010 - xxxx | ||
| 020 | _a9789584532145 | ||
| 040 |
_aCO-ViMGA _bspa _cCO-ViMGA |
||
| 041 | _aspa | ||
| 043 | _as - ec - - - | ||
| 082 | 0 | 4 | _aEc863.6 H37m |
| 100 | 1 |
_aHeredia, María Fernanda, 1970 - _937125 |
|
| 245 | 1 | 0 |
_aEl mejor enemigo del mundo / _cMaría Fernanda Heredia ; ilustrador Roger Ycaza. |
| 260 |
_aBogotá : _bGrupo Editorial Norma, _c2010. |
||
| 300 | _a136 p. : il. ; 20 cm. | ||
| 490 | _aColección torre de papel. Torre azul | ||
| 490 | _aTorre de papel, azul | ||
| 500 | _aDe 9 años en adelante. | ||
| 650 | 1 | 4 | _aCuentos infantiles ecuatorianos. |
| 700 | 1 |
_aYcaza Roger, il. _937126 |
|
| 942 |
_2ddc _cBK |
||
| 949 | _an n | ||
| 999 |
_c32637 _d32637 |
||